<?xml version="1.0" encoding="UTF-8"?>
<collection xmlns="http://www.loc.gov/MARC21/slim">
 <record>
  <leader>     na                 </leader>
  <controlfield tag="001">INLIS000000000861983</controlfield>
  <controlfield tag="005">20210708105032</controlfield>
  <datafield tag="035" ind1=" " ind2=" ">
   <subfield code="a">0010-0721000218</subfield>
  </datafield>
  <controlfield tag="007">ta</controlfield>
  <controlfield tag="008">210708s2021    yoia   gr           ind d</controlfield>
  <datafield tag="020" ind1=" " ind2=" ">
   <subfield code="a">978-602-6806-20-8</subfield>
  </datafield>
  <datafield tag="040" ind1=" " ind2=" ">
   <subfield code="a">YOPDYOG</subfield>
   <subfield code="b">ind</subfield>
   <subfield code="e">rda</subfield>
  </datafield>
  <datafield tag="082" ind1="0" ind2="4">
   <subfield code="2">23</subfield>
   <subfield code="a">338.9</subfield>
  </datafield>
  <datafield tag="084" ind1=" " ind2=" ">
   <subfield code="a">338.9 IME p</subfield>
  </datafield>
  <datafield tag="090" ind1=" " ind2=" ">
   <subfield code="a">CB-D.11 2021-0243</subfield>
  </datafield>
  <datafield tag="100" ind1="0" ind2=" ">
   <subfield code="a">Imelda Irmawati Damanik</subfield>
   <subfield code="e">penulis</subfield>
   <subfield code="t">Peran mitigasi lokal dalam membangun resiliensi kampung kota</subfield>
  </datafield>
  <datafield tag="245" ind1="1" ind2="0">
   <subfield code="a">Prosiding seminar nasional :</subfield>
   <subfield code="b">&quot;partisipasi peneliti Perguruan Tinggi dalam pembangunan berkelanjutan&quot; /</subfield>
   <subfield code="c">penulis, Imelda Irmawati Damanik, Antonius Rachmat Chrismanto, Argo Wibowo, Halim Budi Santoso, Rosa Delima, Joko Purwadi, Gidion Putra Adirinekso, Siswanto, Subandi, Ira Paramastri, Stefanus Christian Haryono; penyunting, Agustini Dyah Respati</subfield>
  </datafield>
  <datafield tag="300" ind1=" " ind2=" ">
   <subfield code="a">vi, 182 halaman :</subfield>
   <subfield code="b">gambar, bagan, grafik, tabel ;</subfield>
   <subfield code="c">21 cm</subfield>
  </datafield>
  <datafield tag="264" ind1="3" ind2="1">
   <subfield code="a">Yogyakarta :</subfield>
   <subfield code="b">Duta Wacana University Press,</subfield>
   <subfield code="c">2021</subfield>
  </datafield>
  <datafield tag="336" ind1=" " ind2=" ">
   <subfield code="2">rdacontent</subfield>
   <subfield code="a">teks</subfield>
  </datafield>
  <datafield tag="337" ind1=" " ind2=" ">
   <subfield code="2">rdamedia</subfield>
   <subfield code="a">tanpa perantara</subfield>
  </datafield>
  <datafield tag="338" ind1=" " ind2=" ">
   <subfield code="2">rdacarrier</subfield>
   <subfield code="a">volume</subfield>
  </datafield>
  <datafield tag="650" ind1=" " ind2="4">
   <subfield code="a">Pembangunan berkelanjutan</subfield>
  </datafield>
  <datafield tag="700" ind1="0" ind2=" ">
   <subfield code="a">Antonius Rachmat Chrismanto</subfield>
   <subfield code="e">penulis</subfield>
   <subfield code="t">Menuju pertanian presisi dengan sistem pertanian terintegrasi</subfield>
  </datafield>
  <datafield tag="700" ind1="0" ind2=" ">
   <subfield code="a">Argo Wibowo</subfield>
   <subfield code="e">penulis</subfield>
   <subfield code="t">Menuju pertanian presisi dengan sistem pertanian terintegrasi</subfield>
  </datafield>
  <datafield tag="700" ind1="0" ind2=" ">
   <subfield code="a">Halim Budi Santoso</subfield>
   <subfield code="e">penulis</subfield>
   <subfield code="t">Menuju pertanian presisi dengan sistem pertanian terintegrasi</subfield>
  </datafield>
  <datafield tag="700" ind1="0" ind2=" ">
   <subfield code="a">Rosa Delima</subfield>
   <subfield code="e">penulis</subfield>
   <subfield code="t">Menuju pertanian presisi dengan sistem pertanian terintegrasi</subfield>
  </datafield>
  <datafield tag="700" ind1="0" ind2=" ">
   <subfield code="a">Joko Purwadi</subfield>
   <subfield code="e">penulis</subfield>
   <subfield code="t">Menuju pertanian presisi dengan sistem pertanian terintegrasi</subfield>
  </datafield>
  <datafield tag="700" ind1="0" ind2=" ">
   <subfield code="a">Gidion Putra Adirinekso</subfield>
   <subfield code="e">penulis</subfield>
   <subfield code="t">Aspek spasial hubungan perbedaan upah dan sewa regional di Indonesia</subfield>
  </datafield>
  <datafield tag="700" ind1="0" ind2=" ">
   <subfield code="a">Siswanto</subfield>
   <subfield code="e">penulis</subfield>
   <subfield code="t">Keyakinan agama dan jiwa yang sakit: perbedaannya dengan jiwa yang sehat</subfield>
  </datafield>
  <datafield tag="700" ind1="0" ind2=" ">
   <subfield code="a">Subandi</subfield>
   <subfield code="e">penulis</subfield>
   <subfield code="t">Keyakinan agama dan jiwa yang sakit: perbedaannya dengan jiwa yang sehat</subfield>
  </datafield>
  <datafield tag="700" ind1="0" ind2=" ">
   <subfield code="a">Ira Paramastri</subfield>
   <subfield code="e">penulis</subfield>
   <subfield code="t">Keyakinan agama dan jiwa yang sakit: perbedaannya dengan jiwa yang sehat</subfield>
  </datafield>
  <datafield tag="700" ind1="0" ind2=" ">
   <subfield code="a">Stefanus Christian Haryono</subfield>
   <subfield code="e">penulis</subfield>
   <subfield code="t">Kajian Interspiritualitas mother teresa dan Ki Ageng Suryomentaram menggunakan metode Hermeneutic phenemenology</subfield>
  </datafield>
  <datafield tag="700" ind1="0" ind2=" ">
   <subfield code="a">Agustini Dyah Respati</subfield>
   <subfield code="e">penyunting</subfield>
  </datafield>
  <datafield tag="850" ind1=" " ind2=" ">
   <subfield code="a">YOPDYOG</subfield>
  </datafield>
  <datafield tag="504" ind1=" " ind2=" ">
   <subfield code="a">Termasuk bibliografi</subfield>
  </datafield>
  <datafield tag="999" ind1=" " ind2=" ">
   <subfield code="a">CB-D.11/2021-0243</subfield>
  </datafield>
  <datafield tag="990" ind1=" " ind2=" ">
   <subfield code="a">CB-D.11/2020-2900</subfield>
  </datafield>
  <datafield tag="990" ind1=" " ind2=" ">
   <subfield code="a">67291-PD/A.2021</subfield>
  </datafield>
  <datafield tag="990" ind1=" " ind2=" ">
   <subfield code="a">CB-D.11/2020-2900</subfield>
  </datafield>
  <datafield tag="990" ind1=" " ind2=" ">
   <subfield code="a">67291-PD/A.2021</subfield>
  </datafield>
  <datafield tag="990" ind1=" " ind2=" ">
   <subfield code="a">CB-D.11/2021-0243</subfield>
  </datafield>
  <datafield tag="990" ind1=" " ind2=" ">
   <subfield code="a">67291-PD/A.2021</subfield>
  </datafield>
 </record>
</collection>
